|
|
|
|
| LEADER |
00000nam0a2200000 4500 |
| 001 |
354390 |
| 005 |
20231102010703.0 |
| 035 |
|
|
|a (RuTPU)RU\TPU\retro\11648
|
| 090 |
|
|
|a 354390
|
| 100 |
|
|
|a 20200619d1972 km y0rusy50 ca
|
| 101 |
0 |
|
|a rus
|
| 102 |
|
|
|a TM
|
| 105 |
|
|
|a a z 001zy
|
| 200 |
1 |
|
|a Организация и проведение гидрогеологических исследований при разведочном бурении на нефть и газ
|f М. И. Суббота , Я. А. Ходжакулиев, В. Ф. Клейменов и др.
|g Всесоюзный научно-исследовательский геологоразведочный нефтяной институт ; под ред. И. П. Зубова
|
| 210 |
|
|
|a Ашхабад
|c Изд-во ВНИГНИ
|d 1972
|
| 215 |
|
|
|a 139 с.
|c ил.
|
| 320 |
|
|
|a Библиогр.: с. 133-138
|
| 606 |
1 |
|
|a Бурение на нефть, разведочное
|2 stltpush
|3 (RuTPU)RU\TPU\subj\30343
|9 53465
|
| 610 |
1 |
|
|a гидрогеологические исследования
|
| 610 |
1 |
|
|a нефтяные месторождения
|
| 610 |
1 |
|
|a газовые месторождения
|
| 610 |
1 |
|
|a газовые месторождения
|
| 610 |
1 |
|
|a нефтяные скважины
|
| 610 |
1 |
|
|a газовые скважины
|
| 610 |
1 |
|
|a анализ
|
| 610 |
1 |
|
|a отбор проб
|
| 610 |
1 |
|
|a органические вещества
|
| 675 |
|
|
|a 553.982:550.82
|v 4
|
| 701 |
|
1 |
|a Суббота
|b М. И.
|g Михаил Ильич
|
| 701 |
|
1 |
|a Ходжакулиев
|b Я. А.
|g Ягшимурад Агамуратович
|
| 701 |
|
1 |
|a Клейменов
|b В. Ф.
|g Виктор Федорович
|
| 701 |
|
1 |
|a Яковлев
|b Ю. И.
|g Юрий Илларианович
|
| 701 |
|
1 |
|a Стадник
|b Е. В.
|g Евгений Владимирович
|
| 701 |
|
1 |
|a Романюк
|b А. Ф.
|g Антон Федосеевич
|
| 701 |
|
1 |
|a Готгильф
|b А. В.
|g Александр Владимирович
|
| 702 |
|
1 |
|a Зубов
|b И. П.
|4 340
|
| 712 |
0 |
2 |
|a Всесоюзный научно-исследовательский геологоразведочный нефтяной институт
|2 stltpush
|3 (RuTPU)RU\TPU\col\18350
|9 27004
|
| 801 |
|
1 |
|a RU
|b 63413507
|c 20200619
|
| 801 |
|
2 |
|a RU
|b 63413507
|c 20210120
|g RCR
|
| 942 |
|
|
|c BK
|